000 01004nam a2200265Ia 4500
003 OSt
005 20221005103240.0
006 a|||||r|||| 00| 0
007 ta
008 221004b |||||||| |||| 00| 0 hin d
020 _a9789380332826 (pbk)
_cIndian Rupees 200.00
024 _a27844
037 _bGift, 29/09/2016,
_cTextual
040 _aCRL
_cCRL
_bhin
041 _2hin
_ahin
082 _aNS44,P, 152Q6
100 _aसंदीप कुमार
245 0 _aभारतीय नृत्यशैली
_b सिनेमा के परिप्रेक्ष्य में
246 _aBhāratīya nṛutyashailī: sinemā ke pariprekṣhya mean
260 _aकोलकता
_bमानव प्रकाशन भारत
_c2016
300 _a104पृ0
_ccm.
650 _aल्थ्ल्त् क्ल्ज्ञ
942 _hNS44,P, 152Q6
_cTEXL
_2cc
999 _c1009684
_d1009684